Entry Nombre personal
001 - NÚMERO DE CONTROL
- campo de control: 236474
003 - IDENTIFICADOR DE NÚMERO DE CONTROL
- campo de control: SpMaBN
005 - FECHA Y HORA DE LA ÚLTIMA TRANSACCIÓN
- campo de control: 20240517200508.0
008 - ELEMENTOS DE DATO DE LONGITUD-FIJA
- campo de control de longitud fija: 110426n|#azznnaabn |n aac ##
040 ## - FUENTE DE CATALOGACIÓN
- Centro catalogador/agencia de origen: SpMaBN
- Lengua de catalogación: spa
- Centro/agencia transcriptor: SpMaBN
- Normas de descripción: rdc
- Convención/Normas de encabezamiento de materia/tesauro: embne
046 ## - FECHAS CON CODIFICACIÓN ESPECIAL
- Fecha de nacimiento: 1906
- Fecha de la muerte: 1991
100 1# - ENCABEZAMIENTO-NOMBRE DE PERSONA
- Nombre de persona: Rosa, José María,
- Fechas asociadas al nombre: 1906-1991
375 ## - GÉNERO/SEXO
- Género: Masculino
400 1# - TRAZADO DE VÉASE--NOMBRE DE PERSONA
- Nombre de persona: Rosa, Pepe,
- Fechas asociadas al nombre: 1906-1991
670 ## - FUENTE DE DATOS ENCONTRADOS
- Cita de la fuente: Conversaciones con José María Rosa, 2008
- Información encontrada: (Pablo José Hernández) p. 13 y sgts. (n. 1906 en Buenos Aires-m. 1991 en Buenos Aires; abogado, historiador y diplomático argentino)
670 ## - FUENTE DE DATOS ENCONTRADOS
- Cita de la fuente: LCSH
- Información encontrada: (Rosa, José María)
